Refunding of taxes. Communication from the President of the United States transmitting a supplemental estimate of appropriation for the Treasury Department for the fiscal year 1929 and prior years for refunding internal revenue-taxes illegally or erroneously collected, $75,000,000.

Bibliographic Details
Corporate Authors: United States. Congress. House. Committee on Appropriations, ProQuest (Firm)
Format: eBook
Language:English
Published: Washington : [publisher not identified], 1928.
Series:United States congressional serial set.
Subjects:
Online Access:Connect to the full text of this electronic book

MARC

Tag First Indicator Second Indicator Subfields
LEADER 00000cam a22000001a 4500
001 in00003101721
005 20190402195216.0
006 m o d
007 cr un mmmapmmp
008 071113s1928 dcud o f000 0 eng d
035 |a cis2004173834 
040 |a UMI  |c UMI  |d UtOrBLW 
043 |a n-us--- 
099 |a ProQuest Serial Set Number 9035 H.doc.466 
110 1 |a United States.  |b Congress.  |b House.  |b Committee on Appropriations. 
245 1 0 |a Refunding of taxes. Communication from the President of the United States transmitting a supplemental estimate of appropriation for the Treasury Department for the fiscal year 1929 and prior years for refunding internal revenue-taxes illegally or erroneously collected, $75,000,000. 
246 1 |a Refunding of internal revenue taxes illegally collected 
264 1 |a Washington :  |b [publisher not identified],  |c 1928. 
300 |a 1 online resource. 
336 |a text  |b txt  |2 rdacontent 
337 |a computer  |b c  |2 rdamedia 
338 |a online resource  |b cr  |2 rdacarrier 
490 0 |a H.doc.466 
500 |a Record is based on bibliographic data in ProQuest U.S. Serial Set Digital Collection (last viewed Nov. 2007). Reuse except for individual research requires license from ProQuest, LLC. 
510 3 |a ProQuest U.S. Serial Set Digital Collection 
500 |a Electronic resource. 
650 0 |a Revenue. 
650 0 |a Tax collection. 
650 0 |a Taxation. 
655 7 |a Electronic books.  |2 local 
710 2 |a ProQuest (Firm) 
830 0 |a United States congressional serial set. 
856 4 0 |u http://proxy.library.tamu.edu/login?url=http://congressional.proquest.com/congcomp/getdoc?SERIAL-SET-ID=9035+H.doc.466  |z Connect to the full text of this electronic book  |t 0 
999 |a MARS 
999 f f |s 9def2164-9e1f-3116-adfe-74fbfcee018f  |i 71a745e4-1446-3bf6-9173-12823b717a73  |t 0 
952 f f |a Texas A&M University  |b College Station  |c Electronic Resources  |d Available Online  |t 0  |e ProQuest Serial Set Number 9035 H.doc.466  |h Other scheme 
998 f f |a ProQuest Serial Set Number 9035 H.doc.466  |t 0  |l Available Online